Study on the effectiveness of health and safety programme on employee satisfaction with reference to campco ltd. Puttur / (Record no. 230905)
[ view plain ]
| 000 -LEADER | |
|---|---|
| fixed length control field | 00802nam a22002057a 4500 |
| 003 - CONTROL NUMBER IDENTIFIER | |
| control field | OSt |
| 005 - DATE AND TIME OF LATEST TRANSACTION | |
| control field | 20240527104813.0 |
| 008 - FIXED-LENGTH DATA ELEMENTS--GENERAL INFORMATION | |
| fixed length control field | 240523b ||||| |||| 00| 0 eng d |
| 040 ## - CATALOGING SOURCE | |
| Transcribing agency | AIMIT LIBRARY |
| 100 ## - MAIN ENTRY--PERSONAL NAME | |
| Personal name | Dsouza, Macline Jane. |
| Relator term | 2016074 |
| 9 (RLIN) | 167165 |
| 245 ## - TITLE STATEMENT | |
| Title | Study on the effectiveness of health and safety programme on employee satisfaction with reference to campco ltd. Puttur / |
| Statement of responsibility, etc. | By Macline Jane Dsouza ; Guided by G Vasantha. |
| 260 ## - PUBLICATION, DISTRIBUTION, ETC. | |
| Place of publication, distribution, etc. | Putttur ; |
| Date of publication, distribution, etc. | 2022. |
| 650 ## - SUBJECT ADDED ENTRY--TOPICAL TERM | |
| Topical term or geographic name entry element | Industry profile |
| 9 (RLIN) | 167863 |
| 650 ## - SUBJECT ADDED ENTRY--TOPICAL TERM | |
| Topical term or geographic name entry element | Literature review /mapping |
| 9 (RLIN) | 167864 |
| 650 ## - SUBJECT ADDED ENTRY--TOPICAL TERM | |
| Topical term or geographic name entry element | Research methodology |
| 9 (RLIN) | 167865 |
| 650 ## - SUBJECT ADDED ENTRY--TOPICAL TERM | |
| Topical term or geographic name entry element | Data analysis and interpretation |
| 9 (RLIN) | 167866 |
| 700 ## - ADDED ENTRY--PERSONAL NAME | |
| Personal name | Vasantha, G. |
| Relator term | Guide |
| 9 (RLIN) | 167166 |
| 856 ## - ELECTRONIC LOCATION AND ACCESS | |
| Materials specified | Central Arecanut and cocoa marketing and processing co op Ltd. |
| 942 ## - ADDED ENTRY ELEMENTS (KOHA) | |
| Source of classification or shelving scheme | Dewey Decimal Classification |
| Koha item type | Project Report |
| Withdrawn status | Lost status | Source of classification or shelving scheme | Damaged status | Not for loan | Collection code | Home library | Current library | Shelving location | Date acquired | Total Checkouts | Barcode | Date last seen | Copy number | Price effective from | Koha item type |
|---|---|---|---|---|---|---|---|---|---|---|---|---|---|---|---|
| Dewey Decimal Classification | Not for loan | Project Report MBA | St Aloysius Institute of Management & Information Technology | St Aloysius Institute of Management & Information Technology | Dissertations | 05/23/2024 | PRB01927 | 05/23/2024 | 2016074 | 05/23/2024 | Project Report |